Largest Cities in Occitanie - Statistics

General Stats
  • This quiz has been taken 118 times
  • The average score is 7 of 10
Answer Stats
Population City % Correct
493,465 Toulouse
99%
295,542 Montpellier
92%
119,344 Perpignan
86%
148,561 Nimes
76%
55,516 Narbonne
69%
78,308 Beziers
64%
46,825 Carcassonne
64%
61,372 Montauban
58%
48,902 Albi
54%
43,858 Sete
42%
No matching quizzes found
Score Distribution
Percent of People with Each Score
Percentile by Number Answered
Your Score History
You have not taken this quiz